Exploring Strategy/ (Record no. 4056)
[ view plain ]
| 000 -LEADER | |
|---|---|
| fixed length control field | 00669nam a22002177a 4500 |
| 005 - DATE AND TIME OF LATEST TRANSACTION | |
| control field | 20250221190625.0 |
| 008 - FIXED-LENGTH DATA ELEMENTS--GENERAL INFORMATION | |
| fixed length control field | 250221b |||||||| |||| 00| 0 eng d |
| 020 ## - INTERNATIONAL STANDARD BOOK NUMBER | |
| International Standard Book Number | 9781292002545 |
| 050 ## - LIBRARY OF CONGRESS CALL NUMBER | |
| Classification number | HD30.2N |
| Item number | .J648 JOH |
| 100 ## - MAIN ENTRY--PERSONAL NAME | |
| Personal name | Johnson Gerry |
| 245 ## - TITLE STATEMENT | |
| Title | Exploring Strategy/ |
| Statement of responsibility, etc. | Gerry Johnson, Richard Whittington, Kevan Scholes, Duncan Angwin & Patrick Regner |
| 250 ## - EDITION STATEMENT | |
| Edition statement | 10th Ed. |
| 260 ## - PUBLICATION, DISTRIBUTION, ETC. | |
| Place of publication, distribution, etc. | Harlow |
| Name of publisher, distributor, etc. | Pearson Education Limited |
| Date of publication, distribution, etc. | 2014 |
| 300 ## - PHYSICAL DESCRIPTION | |
| Extent | xxxii. 783p. |
| Other physical details | ill. col. |
| Dimensions | 28 cm |
| 650 ## - SUBJECT ADDED ENTRY--TOPICAL TERM | |
| Source of heading or term | Management |
| 700 ## - ADDED ENTRY--PERSONAL NAME | |
| Personal name | Whittington Richard |
| 700 ## - ADDED ENTRY--PERSONAL NAME | |
| Personal name | Scholes Kevan |
| 700 ## - ADDED ENTRY--PERSONAL NAME | |
| Personal name | Angwin Duncan |
| 700 ## - ADDED ENTRY--PERSONAL NAME | |
| Personal name | Regner Patrick |
| 942 ## - ADDED ENTRY ELEMENTS (KOHA) | |
| Source of classification or shelving scheme | Library of Congress Classification |
| Koha item type | Books |
| Edition | 10th Ed. |
| Suppress in OPAC | No |
| 999 ## - | |
| -- | 4056 |
| -- | 4056 |
| Withdrawn status | Lost status | Source of classification or shelving scheme | Damaged status | Not for loan | Collection | Home library | Current library | Shelving location | Date acquired | Total checkouts | Full call number | Barcode | Date last seen | Copy number | Price effective from | Koha item type |
|---|---|---|---|---|---|---|---|---|---|---|---|---|---|---|---|---|
| Library of Congress Classification | Non-fiction | Business Library (Miotso) | Business Library (Miotso) | General stacks | 02/21/2025 | HD30.2N .J648 JOH | BSSM00000894 | 02/21/2025 | 1 | 02/21/2025 | Books | |||||
| Library of Congress Classification | Non-fiction | Business Library (Miotso) | Business Library (Miotso) | General stacks | 02/21/2025 | HD30.2N .J648 JOH | BSSM00000895 | 02/21/2025 | 2 | 02/21/2025 | Books | |||||
| Library of Congress Classification | Non-fiction | Graduate Library (Christ Temple) | Graduate Library (Christ Temple) | General stacks | 04/11/2025 | HD 30.28.J648 JOH | GSCT00001018 | 04/11/2025 | 1 | 04/11/2025 | Books | |||||
| Library of Congress Classification | Non-fiction | Graduate Library (Christ Temple) | Graduate Library (Christ Temple) | General stacks | 04/11/2025 | HD 30.28.J648 JOH | GSCT00001019 | 04/11/2025 | 2 | 04/11/2025 | Books |